|
|
|
|
| LEADER |
01111nam a2200313 a 4500 |
| 001 |
16242201 |
| 003 |
BD-DhAAL |
| 008 |
121231s2011 maua 000 0 eng |
| 999 |
|
|
|c 13086
|d 13086
|
| 010 |
|
|
|a 2010020623
|
| 020 |
|
|
|a 0321739752
|
| 020 |
|
|
|a 9780321739759
|
| 020 |
|
|
|a 9780321558237
|
| 020 |
|
|
|a 0321558235
|
| 040 |
|
|
|a DLC
|c DLC
|d DLC
|d BD-DhAAL
|
| 082 |
0 |
0 |
|a 570
|2 22
|
| 245 |
0 |
0 |
|a Campbell biology /
|b Jane B. Reece ... [et al.]
|
| 246 |
3 |
0 |
|a Biology
|
| 250 |
|
|
|a Ninth edition
|
| 260 |
|
|
|a Boston :
|b Benjamin Cummings / Pearson,
|c c2011.
|
| 300 |
|
|
|a 1309 pages :
|b col. illustrations ;
|c 29 cm.
|
| 500 |
|
|
|a Rev. ed. of: Biology / Neil A. Campbell, Jane B. Reece. 8th ed. c2009.
|
| 541 |
|
|
|e 00026435
|
| 650 |
|
0 |
|a Biology.
|9 45369
|
| 700 |
1 |
|
|a Reece, Jane B.
|9 45370
|
| 700 |
1 |
|
|a Campbell, Neil A.,
|d 1946-2004.
|t Biology.
|9 45371
|
| 852 |
1 |
|
|a Ayesha Abed Library
|j General shelf
|
| 942 |
0 |
0 |
|0 1
|2 ddc
|c BK
|
| 952 |
|
|
|0 0
|1 0
|4 0
|6 570_000000000000000_CAM
|7 0
|9 21746
|a BRACUL
|b BRACUL
|c GEN
|d 2012-12-31
|e Trim Education
|g 4975.00
|l 14
|m 149
|o 570 CAM
|p 3010026435
|r 2025-09-16
|s 2025-08-24
|t 1
|w 2012-12-31
|y BK
|